000 00307nam a2200109Ia 4500
008 200302s9999 xx 000 0 und d
100 _aPrab Bhatt and Others
245 _aReinforced concrete design theory and examples 3rd ed
260 _bTaylor and Francis Group Publishing
260 _c2013
300 _a767
999 _c6465
_d6465